00517nam a2200133Ia 4500008004100000082001800041100006600059245006500125260004600190300000900236942001200245999001900257952010700276210430s9999 xx 000 0 und d a519.5 M6891 I aAlexander M.Mood, Franklin A. Graybill, Duane C. Boes9128956 aIntroduction to the theory of statistics /cAlexander M.Mood aIslamabadbNational book foundationc2010 a564p cBK2ddc c562418d562418 001040708NFICaSCMEbSCMEcGENd0000-00-00l0o519.5 M6891 IpSCME-1289r2021-04-30w2021-04-30yBK